Sports Quiz

Random Sports Quiz
Score 0/5 Timer 06:00
0 Plays Today
ufc middleweight champions % Correct
ufc64anderson silva
99.1%
ufc 53rich franklin
96.9%
ufc 51evan tanner
68.6%
ufc 33dave menne
34.5%
ufc 35murilo bustamante
32.8%
Remove Ads.
Support Sporcle.
Get the best of Sporcle when you Go Orange. This ad-free experience offers more features, more stats, and more fun while also helping to support Sporcle. Thank you for becoming a member.

You're not logged in!

Compare scores with friends on all Sporcle quizzes.
OR
Log In

Show Comments

Extras

Created Sep 28, 2009ReportNominate
Tags:champion, Middleweight, MMA, UFC

Top Quizzes Today


Score Distribution

Your Account Isn't Verified!

In order to create a playlist on Sporcle, you need to verify the email address you used during registration. Go to your Sporcle Settings to finish the process.

Report this User

Report this user for behavior that violates our Community Guidelines.

Details: